Catálogo
 En Linea

La república del amor : (Registro nro. 34606)

Detalles MARC
000 -CABECERA
campo de control de longitud fija 00696nam a2200169 a 4500
001 - NÚMERO DE CONTROL
campo de control 000035115
005 - FECHA Y HORA DE LA ÚLTIMA TRANSACCIÓN
campo de control 20200930074120.0
008 - DATOS DE LONGITUD FIJA--INFORMACIÓN GENERAL
campo de control de longitud fija 111025s1909 sp 000 0 spa d
040 ## - FUENTE DE LA CATALOGACIÓN
Centro catalogador/agencia de origen DO-SdBNP
Lengua de catalogación spa
Centro/agencia transcriptor BNPHU
082 ## - NÚMERO DE LA CLASIFICACIÓN DECIMAL DEWEY
Número de clasificación xxxx
Número de documento/Ítem R426, 1909
245 13 - MENCIÓN DE TÍTULO
Título La república del amor :
Resto del título opereta en un acto, dividido en dos cuadros, escrita sobre el pensamiento de una obra extranjera, libro de Paso y Aragón /música Lleó.
250 ## - MENCIÓN DE EDICIÓN
Mención de edición 2a ed.
260 ## - PUBLICACIÓN, DISTRIBUCIÓN, ETC.
Lugar de publicación, distribución, etc. Madrid :
Nombre del editor, distribuidor, etc. R. Velasco imp., Marqués de Santa Ana,
Fecha de publicación, distribución, etc. 1909.
300 ## - DESCRIPCIÓN FÍSICA
Extensión 37 p. ;
Dimensiones 20 cm.
500 ## - NOTA GENERAL
Nota general Estrenada Teatro Eslava de Madrid, la noche del 26 de septiembre de 1908.
700 12 - PUNTO DE ACCESO ADICIONAL--NOMBRE DE PERSONA
Nombre de persona Lleó Balbastre, Vicente,
Fechas asociadas al nombre [1870-1922]
Término indicativo de función/relación mús.
9 (RLIN) 60793
Existencias
Estado de retiro Estado de pérdida Restricciones de uso No para préstamo Código de colección Localización permanente Ubicación/localización actual Ubicación en estantería Fecha de adquisición Número de inventario Total de préstamos Signatura topográfica completa Código de barras Fecha visto por última vez Precio válido a partir de Tipo de ítem Koha
      Excluido de préstamo Monografías: Libros y Folletos General General Depósito 25.10.2011 LF1   xxxx R426, 1909 35115-10 25.06.2020 25.06.2020 No se presta

Con tecnología Koha